| 000 | 00561nam a2200205Ia 4500 | ||
|---|---|---|---|
| 003 | OSt | ||
| 005 | 20220926044250.0 | ||
| 006 | a|||||r|||| 00| 0 | ||
| 007 | ta | ||
| 008 | 220923b |||||||| |||| 00| 0 eng d | ||
| 037 | _cGeneral Book | ||
| 040 |
_aRTL _cRTL _beng |
||
| 041 |
_2eng _aeng |
||
| 082 | _aX9:9, E4 | ||
| 100 |
_aRowntree B Seebohm _9124259 |
||
| 245 | 0 | _aWay to industrial peace and the problem of unemplo | |
| 650 |
_aLabour Economics _921364 |
||
| 942 |
_hX9:9, E4 _cGB _2CC |
||
| 999 |
_c674376 _d674376 |
||